000 01003nam a22003377a 4500
003 CHAP
005 20220329133345.0
008 971013s1991 r 00010 d
010 _a5402
011 _a6374
035 _a5594
040 _cCHAP
082 _a575.1
_bS82 1991
100 0 0 _aStansfield, William D.
_9109468
245 _aTheory and problems of genetics
250 _a3 ed.
260 _aNew York :
_bMcGraw-Hill,
_c1991
300 _a452 p.
_b: ilus.
490 _aSchaum's outline series
500 _a57-46
590 _aBATCH-UPD
_b10
_c20130110
_lUCH01
_h0023
590 _aBATCH-UPD
_b10
_c20130110
_lUCH01
_h1329
590 _aBATCH-UPD
_b10
_c20130410
_lUCH01
_h0835
590 _aBATCH-UPD
_b10
_c20130914
_lUCH01
_h1534
590 _aCONVERSION
_b10
_c20130109
_lUCH01
_h1304
650 1 4 _aGenética.
_947469
830 0 _aSchaum's outline series
_9102916
901 _aBK
942 _cLIBRO
949 _a575.1 S82 1991
_bBC
_cLIBRO
_d33724000400966
_eLIBRO
_h82061
_i5594
_si
_t93.00
999 _c5402
_d5402